Fauna of andaman and nicobar islands part 1 / (Record no. 208566)
[ view plain ]
| 000 -LEADER | |
|---|---|
| fixed length control field | 00692nam a22002057a 4500 |
| 005 - DATE AND TIME OF LATEST TRANSACTION | |
| control field | 20250117110230.0 |
| 010 ## - LCCN (DPL NO) | |
| LC control number | ENG-143508 |
| 020 ## - INTERNATIONAL STANDARD BOOK NUMBER | |
| International Standard Book Number | 9788181713049 |
| Terms of availability | 900.00 |
| 035 ## - SYSTEM CONTROL NUMBER | |
| System control number | EN-127040 |
| 037 ## - SOURCE OF ACQUISITION | |
| Source of stock number/acquisition | DBAD |
| 082 ## - DEWEY DECIMAL CLASSIFICATION NUMBER | |
| Classification number | 954.36 |
| Edition number | 19 |
| 245 ## - TITLE STATEMENT | |
| Title | Fauna of andaman and nicobar islands part 1 / |
| Statement of responsibility, etc | zoological survey of india |
| 260 ## - PUBLICATION, DISTRIBUTION, ETC. (IMPRINT) | |
| Place of publication, distribution, etc | Kolkata |
| Name of publisher, distributor, etc | zoological survey of india , new alipore, |
| Date of publication, distribution, etc | 2012 |
| 270 ## - ADDRESS | |
| Address | zoological survey of india , new alipore, |
| City | Kolkata |
| Postal code | 700053 |
| 300 ## - PHYSICAL DESCRIPTION | |
| Extent | 236 p. |
| Dimensions | 28 cm.(Pb) |
| 490 ## - SERIES STATEMENT | |
| Volume number/sequential designation | vol 1 |
| Series statement | 19 |
| 500 ## - GENERAL NOTE | |
| General note | survey of Andaman nikobar islands |
| 700 ## - ADDED ENTRY--PERSONAL NAME | |
| Personal name | zoological survey of india |
| 9 (RLIN) | 76691 |
| Numeration | Edited |
| 942 ## - ADDED ENTRY ELEMENTS (KOHA) | |
| Source of classification or shelving scheme | Dewey Decimal Classification |
| Item type | English Books |
| Classification part | 954.36 |
| Call number suffix | Fau |
| Withdrawn status | Lost status | Materials specified (bound volume or other part) | Not for loan | Collection code | Home library | Current library | Date acquired | Source of acquisition | Cost, normal purchase price | Full call number | Barcode | Copy number | Cost, replacement price | Koha item type |
|---|---|---|---|---|---|---|---|---|---|---|---|---|---|---|
| Vol1 | Non-fiction | Ashok Vihar | Ashok Vihar | 17/01/2025 | DBAD | 900.00 | 954.36 FAU | EN-127040 | 1 | 900.00 | English Books |
